| 000 | 00620nam a2200145Ia 4500 | ||
|---|---|---|---|
| 008 | 170221s9999 xx 000 0 und d | ||
| 100 | _aMohamad Khairi Haji Othman | ||
| 245 | _aTeachers’ Techniques in Developing of Akhlaq and Values in the Students | ||
| 245 | _cMohamad Khairi Haji Othman, Rozalina Khalid, Alis Puteh, Fauziah Abd Rahim, Mohd. Zailani Mohd Yusoff, Muhamad Dzahir Kasa, Nurfaizah Baharuddin | ||
| 260 | _bInternational Review of Management and Marketing | ||
| 260 | _cNovember 2012 | ||
| 300 | _a1:2 | ||
| 650 | _xMarketing. | ||
| 856 | _uhttp://www.econjournals.com/index.php/irmm/issue/view/97 | ||
| 999 |
_c310406 _d310406 |
||